El cura de aldea / (Record no. 156720)

MARC details
000 -LEADER
campo de control de longitud fija 00770nam a2200193 i 4500
001 - NÚMERO DE CONTROL
campo de control 156720
003 - IDENTIFICADOR DE NÚMERO DE CONTROL
campo de control ES-MaACL
005 - FECHA Y HORA DE LA ÚLTIMA TRANSACCIÓN
campo de control 20230906210500.0
008 - DATOS DE LONGITUD FIJA--INFORMACIÓN GENERAL
campo de control de longitud fija 040831s1894 sp |||| | spa d
100 1# - ENTRADA PRINCIPAL--NOMBRE DE PERSONA
Nombre de persona La Madelaine, Stephen de.
9 (RLIN) 128517
245 13 - MENCIÓN DEL TÍTULO
Título El cura de aldea /
Mención de responsabilidad, etc. por Estephen de la Madelaine ; novela traducida de la séptima edición francesa por J.R.
250 ## - MENCION DE EDICION
Mención de edición 2ª ed.
260 ## - PUBLICACIÓN, DISTRIBUCIÓN, ETC.
Lugar de publicación, distribución, etc. Barcelona :
Nombre del editor, distribuidor, etc. Imp. y librería de Subirana hermanos,
Fecha de publicación, distribución, etc. 1894.
300 ## - DESCRIPCIÓN FÍSICA
Extensión 269 p. ;
Dimensiones 18 cm.
490 1# - MENCIÓN DE SERIE
Mención de serie Biblioteca escogida de la juventud ;
Designación de volumen o secuencia 21
830 0# - PUNTO DE ACCESO ADICIONAL DE SERIE-TÍTULO UNIFORME
Título uniforme Biblioteca escogida de la juventud ;
Designación de volumen o secuencia 21
9 (RLIN) 221712
852 ## - LOCALIZACIÓN
Ubicación ES-MaACL
Número de control de estantería D-3758
Nota libre - Enc. editorial en tela
-- . - Legado M. de la Fuente
-- . - Ex-libris de Antonio Vigil Vega
Holdings
Estatus retirado Estado de pérdida Estado de daño No para préstamo Colección Biblioteca de origen Biblioteca actual Ubicación en estantería Fecha de adquisición Fuente de adquisición Total de préstamos Signatura topográfica completa Código de barras Visto por última vez Precio de reemplazo Tipo de ítem Koha
        Libros del s. XIX Biblioteca del Ateneo de Madrid Biblioteca del Ateneo de Madrid Sala Valle Inclán 17/01/2008     D-3758 901163966 23/02/2023 23/02/2023 Libro impreso antiguo